Name the Youtuber- easy - Statistics

General Stats
  • This quiz has been taken 31 times
  • The average score is 5 of 8
Answer Stats
Picture Answer % Correct
MrBeast
96%
Dream
92%
Cocomelon
84%
PewDiePie
84%
Markiplier
64%
Technoblade
64%
Camman18
12%
SB737
12%
No matching quizzes found
Score Distribution
Percent of People with Each Score
Percentile by Number Answered
Your Score History
You have not taken this quiz